| 000 | 00570nam a2200181 i 4500 | ||
|---|---|---|---|
| 001 | 86838 | ||
| 003 | ES-MaACL | ||
| 005 | 20230906175532.0 | ||
| 007 | t| | ||
| 008 | 041216s1960 sp ||||1| spa d | ||
| 100 | 1 |
_aKirgis, Ludwig. _968110 |
|
| 245 | 1 | 0 |
_aManual de construcción en profundidad / _cLudwig Kirgis ; traducción por Serafín Fraga ; revisión por Enrique Rodón. |
| 260 |
_a[S.l. : _bs.n., _c1960] |
||
| 300 |
_aXI, 637 p. ; _c21 cm. |
||
| 700 | 1 |
_aFraga, Serafín. _952070 |
|
| 700 | 1 |
_aRodón, Enrique. _998156 |
|
| 852 |
_aES-MaACL _jC-18677 _bR.46648 |
||
| 999 |
_c86838 _d86838 |
||